Văn học Việt Nam thế kỷ XX Tiểu thuyết trước 1945 Q.1 TV Đoạn tuyệt/ Nhất Linh. Gánh hàng hoa/ Nhất Linh, Khái Hưng. Bóng mây chiều/ Hoàn Thế Dữ
v.v...
Đã lưu trong:
| Tác giả chính: | |
|---|---|
| Định dạng: | Sách |
| Năm xuất bản: |
H.
Văn học
2003
|
| Chủ đề: | |
| Tags: |
Thêm thẻ
Không có thẻ, Hãy là người đầu tiên gắn thẻ bản ghi này!
|
| LEADER | 01235nam a2200205 4500 | ||
|---|---|---|---|
| 082 | |a 895.92233208 |b V114h | ||
| 100 | |a Mai Quốc Liên | ||
| 245 | |a Văn học Việt Nam thế kỷ XX |c Mai Quốc Liên chủ biên; Chu Giang, Nguyễn Cừ sưu tầm, biên soạn |n Q.1 TV |b Tiểu thuyết trước 1945 |p Đoạn tuyệt/ Nhất Linh. Gánh hàng hoa/ Nhất Linh, Khái Hưng. Bóng mây chiều/ Hoàn Thế Dữ | ||
| 260 | |a H. |b Văn học |c 2003 | ||
| 300 | |a 1130 tr. |c 24 cm | ||
| 520 | |a v.v... | ||
| 653 | |a Văn học hiện đại | ||
| 653 | |a Thế kỷ 20 | ||
| 653 | |a Việt Nam | ||
| 653 | |a Tiểu thuyết | ||
| 942 | |2 ddc |c STK0 | ||
| 999 | |c 1914 |d 1914 | ||
| 952 | |0 0 |1 0 |2 ddc |4 0 |6 895_922334080000000_V114H |7 1 |8 800 |9 29380 |a qbu |b qbu |c D5 |d 2014-12-11 |g 226000 |o 895.92233408 V114h |p 5294.c1 |r 0000-00-00 |w 2014-12-11 |y STK0 |0 0 |6 895_922334080000000_V114H | ||
| 952 | |0 0 |1 0 |2 ddc |4 0 |6 895_922334080000000_V114H |7 0 |8 800 |9 29381 |a qbu |b qbu |c D5 |d 2014-12-11 |g 226000 |o 895.92233408 V114h |p 5294.c2 |r 0000-00-00 |w 2014-12-11 |y STK0 |0 0 |6 895_922334080000000_V114H | ||
| 952 | |0 0 |1 0 |2 ddc |4 0 |6 895_922334080000000_V114H |7 0 |8 800 |9 29382 |a qbu |b qbu |c D5 |d 2014-12-11 |g 226000 |o 895.92233408 V114h |p 5294.c3 |r 0000-00-00 |w 2014-12-11 |y STK0 |0 0 |6 895_922334080000000_V114H | ||